000 00763nas a2200301 4500
001 BR9200275
003 BR-BrBNA
005 20231205092233.0
007 ta
008 230509b bl.|||p| |||| 00| 00por d
040 _aBR-BrBNA
_bpor
_cBiblioteca Nacional de Agricultura
041 _a(Pt)
072 _aF01; L01
100 1 _aAnon.
245 1 _aBem cuidado, um pasto enfrenta qualquer morro
650 _aGADO
650 _aCRIACAO
650 _aPASTAGEM
650 _aCAPIM
650 _aTERRACO
650 _aSOLO
650 _aANALISE DO SOLO
650 _aADUBACAO
650 _aCALAGEM
773 0 _tGuia Rural (Brazil)
_x
_g(Apr 1990), v. 4(4) p. 10-14
_wBR9200275
909 _a202311
_bLúcia
_c55
_dLúcia Elande
942 _2AGRIS
_n0
_cANA
999 _c130303
_d130303